Информационные матермалы к семинару "Работа междисциплинарной команды специалистов в области социального и психолого-педагогического сопровождения семей, воспитывающих детей с функциональными нарушениями. Стандарты и процедуры" (Record no. 55523)

MARC details
000 -МАРКЕР
контрольное поле 02220nam0a2200361 4500
001 - ИДЕНТИФИКАТОР ЗАПИСИ
контрольное поле RU\NLR\bibl\1515493
005 - ИДЕНТИФИКАТОР ВЕРСИИ
контрольное поле 20260407230154.0
010 ## - МЕЖДУНАРОДНЫЙ СТАНДАРТНЫЙ НОМЕР КНИГИ (ISBN)
Номер (ISBN) 978-5-8311-0468-4
Тираж 300
021 ## - НОМЕР ГОСУДАРСТВЕННОЙ РЕГИСТРАЦИИ
Код страны российская федерация
Номер 2010-29376
Номер Листа государственной регистраци 1976
035 ## - ДРУГИЕ СИСТЕМНЫЕ НОМЕРА
Идентификатор записи (NLR Aleph) 001506874
100 ## - ДАННЫЕ ОБЩЕЙ ОБРАБОТКИ
Данные общей обработки 20100526d2010 |||y0rusy50 ca
101 0# - ЯЗЫК РЕСУРСА
Язык текста, звукозаписи и т.д. русский
102 ## - СТРАНА ПУБЛИКАЦИИ ИЛИ ПРОИЗВОДСТВА
Страна публикации российская федерация
105 ## - ПОЛЕ КОДИРОВАННЫХ ДАННЫХ: ТЕКСТОВЫЕ МАТЕРИАЛЫ, МОНОГРАФИЧЕСКИЕ
Кодированные данные о монографическом текстовом документе y |||||||||
200 1# - ЗАГЛАВИЕ И СВЕДЕНИЯ ОБ ОТВЕТСТВЕННОСТИ
Основное заглавие Информационные матермалы к семинару "Работа междисциплинарной команды специалистов в области социального и психолого-педагогического сопровождения семей, воспитывающих детей с функциональными нарушениями. Стандарты и процедуры"
210 ## - ПУБЛИКАЦИЯ, РАСПРОСТРАНЕНИЕ И ДР.
Место издания, распространения и т.д. Владимир
Имя издателя, распространителя и т. д. Танзит-ИКС
Дата издания, распространения и т.д. 2010
215 ## - ФИЗИЧЕСКАЯ ХАРАКТЕРИСТИКА
Специфическое обозначение материала и объем 43 с.
Размеры 21
606 1# - НАИМЕНОВАНИЕ ТЕМЫ КАК ПРЕДМЕТ
Наименование темы Семьи с детьми-инвалидами
Тематический подзаголовок Социальная работа
Системный номер авторитетной/нормативной записи 2243125
Идентификатор авторитетной/нормативной записи RU\NLR\auth\661345874
606 1# - НАИМЕНОВАНИЕ ТЕМЫ КАК ПРЕДМЕТ
Наименование темы Семьи, воспитывающие детей с ограниченными возможностями здоровья
Тематический подзаголовок Педагогическая поддержка
Системный номер авторитетной/нормативной записи 2105109
Идентификатор авторитетной/нормативной записи RU\NLR\AUTH\661576378
606 1# - НАИМЕНОВАНИЕ ТЕМЫ КАК ПРЕДМЕТ
Наименование темы Семьи с детьми-инвалидами
Тематический подзаголовок Педагогическая поддержка
Системный номер авторитетной/нормативной записи 2620322
Идентификатор авторитетной/нормативной записи RU\NLR\auth\661556882
606 1# - НАИМЕНОВАНИЕ ТЕМЫ КАК ПРЕДМЕТ
Наименование темы Дети-инвалиды
Тематический подзаголовок Воспитание в семье
Системный номер авторитетной/нормативной записи 2503296
Идентификатор авторитетной/нормативной записи RU\NLR\auth\661484532
686 ## - ИНДЕКСЫ ДРУГИХ КЛАССИФИКАЦИЙ
Индекс С550.473
686 ## - ИНДЕКСЫ ДРУГИХ КЛАССИФИКАЦИЙ
Индекс С550.325.2
686 ## - ИНДЕКСЫ ДРУГИХ КЛАССИФИКАЦИЙ
Индекс Ч491.95
686 ## - ИНДЕКСЫ ДРУГИХ КЛАССИФИКАЦИЙ
Индекс Ч491.08
710 12 - НАИМЕНОВАНИЕ ОРГАНИЗАЦИИ - ПЕРВИЧНАЯ ОТВЕТСТВЕННОСТЬ
Начальный элемент ввода "Работа междисциплинарной команды специалистов в области социального и психолого-педагогического сопровождения семей, воспитывающих детей с функциональными нарушениями. Стандарты и процедуры", семинар
Дата проведения временной организации 2008
Место проведения временной организации Нижний Новгород
Идентификатор авторитетной/нормативной записи RU\NLR\AUTH\8810155159
Системный номер авторитетной/нормативной записи 805634
801 #0 - ИСТОЧНИК ЗАПИСИ
Страна российская федерация
Организация NLR
Дата составления 20100526
Правила каталогизации RCR
801 #1 - ИСТОЧНИК ЗАПИСИ
Страна российская федерация
Организация NLR
Дата составления 20100526
942 ## - ДОПОЛНИТЕЛЬНЫЕ ЭЛЕМЕНТЫ ЗАПИСИ (АБИС)
Тип экземпляра АБИС Книга
980 ## - КОЛЛЕКЦИЯ
Название коллекции Национальная библиография
预约
Тип экземпляра Дата поступления Источник поступления Библиотека постоянного хранения Библиотека текущего хранения Место хранения Шифр хранения Штрих-код Статус не для выдачи
Книга 26.05.2010 Обязательный экземпляр РНБ (Московский) РНБ (Московский) Русский книжный фонд: издания с 1957 года, 8этаж 2010-4/7758 3180400  
Книга 26.05.2010 Обязательный экземпляр РНБ (Московский) РНБ (Московский) Русский книжный фонд: издания с 1957 года, 8этаж 2010-4/7758 3180401